| Поле | Инд. | ПП | Название | Значение |
|---|---|---|---|---|
| Тип записи | a | |||
| Библиографический уровень | m | |||
| 001 | Контрольный номер | aaedae8a-99ad-46d9-9c44-864ab72e5392 | ||
| 005 | Дата корректировки | 20230519084014.1 | ||
| 008 | Кодируемые данные | 981202 d | ||
| 080 | a | Индекс УДК | 784.67 | |
| 084 | a | Индекс другой классификации/Индекс ББК | Щ984.0 | |
| 090 | a | Полочн. индекс | Щ984.0 | |
| x | Авторский знак | Б79 | ||
| c | Каталожный индекс | Щ984.0 | ||
| 245 | 00 | a | Заглавие | Большая переменка |
| b | Продолж. заглавия | Песни и хоры для детей мл. и сред. шк. возраста : В сопровожд. фп. | ||
| 260 | 0_ | a | Место издания | Москва |
| b | Издательство | Советский композитор | ||
| c | Дата издания | 1992 | ||
| 300 | a | Объем | 95,[1] c. | |
| 650 | 04 | a | Основная рубрика | Музыкальные произведения |
| x | Основная подрубрика | Детские песни | ||
| x | Основная подрубрика | Нотные издания | ||
| x | Основная подрубрика | Песни | ||
| 650 | 04 | a | Основная рубрика | Вокальная музыка |
| x | Основная подрубрика | Хор детский | ||
| 650 | 04 | a | Основная рубрика | Фортепиано |
| x | Основная подрубрика | Сопровождение | ||
| 653 | 0_ | a | Ключевые слова | Вокальная музыка |
| a | Ключевые слова | Детская музыка | ||
| a | Ключевые слова | Детские песни | ||
| a | Ключевые слова | Детский хор | ||
| a | Ключевые слова | Музыкальные произведения | ||
| a | Ключевые слова | Ноты | ||
| a | Ключевые слова | Песенники | ||
| a | Ключевые слова | Песни | ||
| a | Ключевые слова | Фортепиано | ||
| a | Ключевые слова | Хор | ||
| a | Ключевые слова | Ноты | ||
| a | Ключевые слова | Песенники | ||
| 852 | 41 | i | Расстановочный признак | Проверка 2023 |
| 920 | a | Оператор | Поля | |
| 930 | a | Новая/Ретро | Песенники | |
| a | Новая/Ретро | Ноты | ||
| 952 | c | Вид литературы | К рн | |
| 954 | e | Дата перешифровки | 20230519 |